| 000 | 00722nam a2200229 a 4500 | ||
|---|---|---|---|
| 001 | 14266 | ||
| 003 | BD-JhCC | ||
| 005 | 20250226083136.0 | ||
| 008 | 250226b2020 e a|||| ||a| 001 0 eng d | ||
| 020 | _a 9781523502776 | ||
| 035 | _a(BD-JhCC)14266 | ||
| 040 |
_aBD-JhCC _dBD-JhCC |
||
| 041 | _aenglish | ||
| 082 |
_a005.7 _bSMI 2020 |
||
| 100 | _a Smith,Grant | ||
| 245 |
_a Everything you need to ace computer science and coding in one big fat notebook : _b the complete middle school study guide / _cGrant Smith. |
||
| 260 |
_a New York: _bWorkman Publishing; _c2020. |
||
| 300 |
_a566 p. : _bill; _c24 cm |
||
| 650 | _aComputer applications (some specialized programming topics) | ||
| 942 |
_2ddc _cBK |
||
| 999 |
_c14266 _d14266 |
||